Countries by Electric Vehicle Adoption - Statistics

General Stats
  • This quiz has been taken 22 times
  • The average score is 21 of 24
Answer Stats
Hint Answer % Correct
13 Canada
100%
24 Germany
100%
12 Spain
100%
12 Australia
94%
26 Austria
94%
41 Belgium
94%
46 Denmark
94%
54 Finland
94%
71 Iceland
94%
27 Ireland
94%
44 Netherlands
94%
93 Norway
94%
32 Portugal
94%
60 Sweden
94%
30 Switzerland
94%
24 United Kingdom
94%
38 China
89%
32 Luxembourg
89%
14 New Zealand
89%
25 France
83%
14 Greece
83%
19 Israel
83%
13 United Arab Emirates
56%
12 Costa Rica
28%
No matching quizzes found
Score Distribution
Percent of People with Each Score
Percentile by Number Answered
Your Score History
You have not taken this quiz